Bioremediation : (Record no. 198218)

MARC details
000 -LEADER
fixed length control field 00540nam a22001817a 4500
005 - DATE AND TIME OF LATEST TRANSACTION
control field 20240124113952.0
010 ## - LCCN (DPL NO)
LC control number ENG-138001
020 ## - INTERNATIONAL STANDARD BOOK NUMBER
Terms of availability 1495.00
035 ## - SYSTEM CONTROL NUMBER
System control number EN-121533
037 ## - SOURCE OF ACQUISITION
Source of stock number/acquisition DBAD/PUB
082 ## - DEWEY DECIMAL CLASSIFICATION NUMBER
Classification number 628.5
100 ## - MAIN ENTRY--PERSONAL NAME
Personal name Deka, Heman
245 ## - TITLE STATEMENT
Title Bioremediation :
Remainder of title Research and Applications
Statement of responsibility, etc Hemen Deka and Rashmi Rekha Saikia
260 ## - PUBLICATION, DISTRIBUTION, ETC. (IMPRINT)
Place of publication, distribution, etc Assam
Name of publisher, distributor, etc EBH Publishers
Date of publication, distribution, etc 2021
270 ## - ADDRESS
Address 136, M.L. Nehru Road, Panbazar
City Guwahati
Postal code 781001
300 ## - PHYSICAL DESCRIPTION
Extent 312P
Dimensions 25 cm(pbk)
942 ## - ADDED ENTRY ELEMENTS (KOHA)
Source of classification or shelving scheme Dewey Decimal Classification
Item type English Books
Classification part 628.5
Call number suffix BIO
Holdings
Withdrawn status Lost status Not for loan Collection code Home library Current library Date acquired Source of acquisition Cost, normal purchase price Full call number Barcode Copy number Cost, replacement price Koha item type
      Non-fiction Sarojini Nagar Sarojini Nagar 15/09/2023 DBAD/PUB 1495.00 628.5 BIO EN-121533 1 1495.00 English Books

© Delhi Public Library
Hit Counter
free hit counter